Kagurabachi - Membres de Hishaku par image - Statistiques

Statistiques générales
  • Ce quiz a été pris 5 fois
  • Le résultat moyen est 5 sur 8
Statistiques - réponses
Par images Réponse % Correct
Hiruhiko
100%
Hokuto
100%
Yura
100%
Kuguri
50%
Toto
50%
Bingo
25%
Uran
25%
Yukisada
25%
Aucun quiz correspondant
Distribution des résultats
% des personnes avec chaque résultat
Percentile par nombre de réponses
Votre historique - résultats
Vous n’avez pas pris ce quiz